000 00740nam a2200253Ia 4500
003 OSt
005 20221005035511.0
006 a|||||r|||| 00| 0
007 ta
008 221004b |||||||| |||| 00| 0 urd d
020 _a9789384269692 (hbk)
_cINR 300.00
024 _a35610
037 _b4918, 25/02/2017, Kitabi Duniya
_cTextual
040 _aCRL
_cCRL
_burd
041 _2urd
_aurd
082 _aO168,1N60x, Q6
100 _aSambhali Kaifee Au.
_9588346
245 0 _aInteqam
260 _aDelhi
_bKitabi duniya India
_c2016
300 _a180p.
_ccm.
650 _aURDU POETRY
942 _hO168,1N60x, Q6
_cTEXL
_2cc
999 _c945275
_d945275